[Event "Titled Tuesday intern op 25th Jul Early"]
[Site "Chess.com INT"]
[Date "2023.07.25"]
[Round "2"]
[White "Petrovic, Aleksa"]
[Black "Sant Anna, Eddie Luiz G"]
[Result "1-0"]
[WhiteElo "2311"]
[BlackElo "2003"]
[PlyCount "75"]
[EventDate "2023.07.25"]
[EventType "swiss (blitz)"]
[EventRounds "11"]
[EventCountry "USA"]
[SourceTitle "EXT 2024"]
[Source "ChessBase"]
[SourceDate "2023.10.10"]
[SourceVersion "1"]
[SourceVersionDate "2023.10.10"]
[SourceQuality "1"]

1. e4 e6 2. d4 d5 3. Nd2 Be7 4. e5 c5 5. c3 Nc6 6. Ngf3 f6 7. exf6 Nxf6 8. dxc5 Bxc5 9. Be2 0-0 10. 0-0 e5 11. Nb3 Bd6 12. c4 d4 13. Bg5 Qe8 14. Re1 Qg6 15. c5 Bc7 16. Bc4+ Kh8 17. Bxf6 Rxf6 18. Bd5 Bh3 19. g3 Raf8 20. Nbd2 Bg4 21. Qb3 Qh5 22. Nh4 Na5 23. Qa3 Rxf2 24. Rf1 Rxf1+ 25. Rxf1 Rxf1+ 26. Nxf1 Qg5 27. c6 Qf6 28. cxb7 Be2 29. Nf3 Bxf1 30. Qxa5 Bxa5 31. b8Q+ Bd8 32. Kxf1 h6 33. Qxe5 Qa6+ 34. Kg2 Bf6 35. Qe8+ Kh7 36. Bg8+ Kh8 37. Bf7+ Kh7 38. Qg8# 1-0

[Event "Titled Tuesday intern op 30th May Early"]
[Site "Chess.com INT"]
[Date "2023.05.30"]
[Round "7"]
[White "Lakshmi, Chidambaram"]
[Black "Sant Anna, Eddie Luiz G"]
[Result "1-0"]
[WhiteElo "1928"]
[BlackElo "2003"]
[PlyCount "129"]
[EventDate "2023.05.30"]
[EventType "swiss (blitz)"]
[EventRounds "11"]
[EventCountry "USA"]
[SourceTitle "CBM 214 Extra"]
[Source "ChessBase"]
[SourceDate "2023.07.31"]
[SourceVersion "1"]
[SourceVersionDate "2023.07.31"]
[SourceQuality "1"]

1. e4 e6 2. d4 d5 3. e5 c5 4. c3 Nc6 5. f4 Qb6 6. Nf3 Nh6 7. Bd3 cxd4 8. cxd4 Bd7 9. Bc2 Nb4 10. Nc3 Nxc2+ 11. Qxc2 Nf5 12. Qd3 Rc8 13. g4 Nh6 14. h3 Bb4 15. Bd2 Bxc3 16. Bxc3 Bb5 17. Qd2 Ng8 18. f5 Ne7 19. Qg5 g6 20. Qf6 Rf8 21. Bb4 Ng8 22. Qg7 Ne7 23. f6 Rg8 24. Qxh7 Kd7 25. fxe7 Bd3 26. Bc3 Rce8 27. Qxf7 Be4 28. Rf1 Rh8 29. Ng5 Rxe7 30. Qf6 Rhe8 31. Nxe4 dxe4 32. Qf4 Qc6 33. Qe3 Qd5 34. Rf4 Kc8 35. Qxe4 Qc4 36. Qe2 Qc6 37. Rc1 Qh1+ 38. Kd2 Qxh3 39. Bb4+ Kb8 40. Bd6+ Ka8 41. Bxe7 Qh7 42. Rf8 Rxf8 43. Bxf8 Qd7 44. Qc4 a6 45. Qc8+ Qxc8 46. Rxc8+ Ka7 47. Bc5+ b6 48. Bd6 Kb7 49. Rc7+ Ka8 50. Re7 g5 51. Ba3 a5 52. Kd3 b5 53. d5 b4 54. Rh7 exd5 55. e6 Kb8 56. e7 Kc7 57. e8Q+ Kd6 58. Qe7+ Kc6 59. Qc7+ Kb5 60. Qd7+ Kc5 61. Qe7+ Kb5 62. Qe8+ Kc5 63. Rc7+ Kb6 64. Qb8+ Ka6 65. Ra7# 1-0

[Event "Titled Tuesday intern op 23rd May Early"]
[Site "Chess.com INT"]
[Date "2023.05.23"]
[Round "1"]
[White "Weishaeutel, Moritz"]
[Black "Sant Anna, Eddie Luiz G"]
[Result "1-0"]
[WhiteElo "2438"]
[BlackElo "2003"]
[PlyCount "67"]
[EventDate "2023.05.23"]
[EventType "swiss (blitz)"]
[EventRounds "11"]
[EventCountry "USA"]
[SourceTitle "CBM 214 Extra"]
[Source "ChessBase"]
[SourceDate "2023.07.31"]
[SourceVersion "1"]
[SourceVersionDate "2023.07.31"]
[SourceQuality "1"]

1. e4 e6 2. d4 d5 3. exd5 exd5 4. Nf3 Bd6 5. c4 Bb4+ 6. Nc3 Nf6 7. Qb3 Nc6 8. cxd5 Nxd5 9. Bg5 Qd6 10. 0-0-0 Nxc3 11. bxc3 Ba3+ 12. Kb1 Bf5+ 13. Bd3 Bxd3+ 14. Rxd3 0-0 15. Rhd1 b5 16. Bh4 Na5 17. Qc2 Nc4 18. Nd2 Qg6 19. Rg3 Qh5 20. Bf6 g6 21. Ne4 Bd6 22. Be5 f5 23. Qb3 fxe4 24. Rh3 Qf5 25. Bxd6 cxd6 26. Ka1 a5 27. a4 d5 28. axb5 a4 29. Qb4 a3 30. Qe7 Rf7 31. Qc5 Qxf2 32. Rb1 Qc2 33. Qxd5 Qxc3+ 34. Rxc3 1-0

[Event "Titled Tuesday intern op 18th Apr Early"]
[Site "Chess.com INT"]
[Date "2023.04.18"]
[Round "6"]
[White "Sant Anna, Eddie Luiz G"]
[Black "Necula, Iulian"]
[Result "1-0"]
[WhiteElo "2003"]
[BlackElo "1851"]
[PlyCount "53"]
[EventDate "2023.04.18"]
[EventType "swiss (blitz)"]
[EventRounds "11"]
[EventCountry "USA"]
[SourceTitle "EXT 2024"]
[Source "ChessBase"]
[SourceDate "2023.10.10"]
[SourceVersion "1"]
[SourceVersionDate "2023.10.10"]
[SourceQuality "1"]

1. d4 d6 2. f4 Nf6 3. Nf3 g6 4. c4 Bg7 5. Nc3 0-0 6. e3 c5 7. Be2 cxd4 8. exd4 Nc6 9. 0-0 a6 10. h3 h6 11. Be3 e6 12. Rc1 b6 13. Bd3 Bb7 14. Qd2 Nb4 15. Bb1 d5 16. c5 bxc5 17. dxc5 Ne4 18. Nxe4 dxe4 19. Qxb4 exf3 20. Qxb7 fxg2 21. Qxg2 Rb8 22. b3 Qf6 23. Rfd1 Rfd8 24. c6 Rxd1+ 25. Rxd1 Rc8 26. Qe4 Qh4 27. Kg2 1-0

[Event "Titled Tuesday intern op 04th Apr Early"]
[Site "Chess.com INT"]
[Date "2023.04.04"]
[Round "5"]
[White "Sant Anna, Eddie Luiz G"]
[Black "Dushyant, Sharma"]
[Result "0-1"]
[WhiteElo "2003"]
[BlackElo "2355"]
[PlyCount "36"]
[EventDate "2023.04.04"]
[EventType "swiss (blitz)"]
[EventRounds "11"]
[EventCountry "USA"]
[SourceTitle "EXT 2024"]
[Source "ChessBase"]
[SourceDate "2023.10.10"]
[SourceVersion "1"]
[SourceVersionDate "2023.10.10"]
[SourceQuality "1"]

1. d4 d5 2. Bf4 e6 3. Nf3 Bd6 4. Ne5 f5 5. e3 Nf6 6. Nd2 0-0 7. Be2 c5 8. c3 Nc6 9. g4 Qc7 10. g5 Ne4 11. Nxe4 fxe4 12. Nxc6 Bxf4 13. exf4 bxc6 14. dxc5 Qxf4 15. Qd4 Qxg5 16. h4 Qf4 17. 0-0 e5 18. Qe3 Qxh4 0-1

[Event "Titled Tuesday intern op 07th Feb Early"]
[Site "Chess.com INT"]
[Date "2023.02.07"]
[Round "1"]
[White "Kvaloy, Aksel Bu"]
[Black "Sant Anna, Eddie Luiz G"]
[Result "1-0"]
[WhiteElo "2255"]
[BlackElo "2003"]
[PlyCount "89"]
[EventDate "2023.02.07"]
[EventType "swiss (blitz)"]
[EventRounds "11"]
[EventCountry "USA"]
[SourceTitle "EXT 2024"]
[Source "ChessBase"]
[SourceDate "2023.10.10"]
[SourceVersion "1"]
[SourceVersionDate "2023.10.10"]
[SourceQuality "1"]

1. d4 e6 2. e4 d5 3. Nc3 Be7 4. Bd3 Nf6 5. e5 Nfd7 6. f4 c5 7. Nf3 Nc6 8. Be3 cxd4 9. Nxd4 Bc5 10. Be2 Nxd4 11. Bxd4 Bxd4 12. Qxd4 Qb6 13. Qxb6 Nxb6 14. h4 0-0 15. h5 Bd7 16. h6 g6 17. 0-0-0 Rac8 18. Kb1 a6 19. g4 f6 20. Bd3 fxe5 21. fxe5 Nc4 22. Rde1 Rf4 23. g5 Rcf8 24. Rhg1 Nd2+ 25. Kc1 Nf3 26. Rh1 Nxe1 27. Rxe1 b5 28. Rg1 b4 29. Ne2 Rf1+ 30. Rxf1 Rxf1+ 31. Kd2 Bb5 32. Bxb5 axb5 33. Nd4 Kf7 34. Nxb5 Rf5 35. Nd6+ Ke7 36. Nxf5+ exf5 37. Ke3 Ke6 38. Kf4 d4 39. a4 bxa3 40. bxa3 Kd5 41. a4 Kc4 42. e6 Kc3 43. e7 Kxc2 44. e8Q d3 45. Ke3 1-0

[Event "Titled Tuesday intern op 07th Feb Early"]
[Site "Chess.com INT"]
[Date "2023.02.07"]
[Round "7"]
[White "Sant Anna, Eddie Luiz G"]
[Black "Ansh, M Shah"]
[Result "0-1"]
[WhiteElo "2003"]
[BlackElo "2178"]
[PlyCount "54"]
[EventDate "2023.02.07"]
[EventType "swiss (blitz)"]
[EventRounds "11"]
[EventCountry "USA"]
[SourceTitle "EXT 2024"]
[Source "ChessBase"]
[SourceDate "2023.10.10"]
[SourceVersion "1"]
[SourceVersionDate "2023.10.10"]
[SourceQuality "1"]

1. d4 Nf6 2. Bf4 e6 3. e3 d5 4. Nf3 Be7 5. Bd3 0-0 6. Nbd2 b6 7. Ne5 Bb7 8. Qf3 Nbd7 9. h4 h5 10. 0-0-0 c5 11. c3 Rc8 12. Rdg1 Nxe5 13. Bxe5 Ng4 14. Qe2 Bd6 15. f3 Bxe5 16. fxg4 cxd4 17. exd4 Bxd4 18. gxh5 Bxg1 19. Rxg1 Qxh4 20. Bc2 d4 21. Qd3 f5 22. g3 Qf6 23. c4 e5 24. g4 e4 25. Qb3 d3 26. Bd1 f4 27. g5 Qd4 0-1

[Event "Titled Tuesday intern op 07th Feb Early"]
[Site "Chess.com INT"]
[Date "2023.02.07"]
[Round "3"]
[White "Sant Anna, Eddie Luiz G"]
[Black "Ronka, Erik"]
[Result "1-0"]
[WhiteElo "2003"]
[BlackElo "2277"]
[PlyCount "83"]
[EventDate "2023.02.07"]
[EventType "swiss (blitz)"]
[EventRounds "11"]
[EventCountry "USA"]
[SourceTitle "EXT 2024"]
[Source "ChessBase"]
[SourceDate "2023.10.10"]
[SourceVersion "1"]
[SourceVersionDate "2023.10.10"]
[SourceQuality "1"]

1. d4 d5 2. Bf4 c5 3. e3 cxd4 4. exd4 Nc6 5. Nf3 Bg4 6. Be2 e6 7. 0-0 Bd6 8. Bg3 Nge7 9. c3 0-0 10. Nbd2 Nf5 11. Bxd6 Nxd6 12. Ne5 Bxe2 13. Qxe2 Rc8 14. h3 Nxe5 15. Qxe5 b5 16. Nb3 Re8 17. Nc5 a5 18. b4 Nc4 19. Qe2 Qd6 20. f4 f6 21. Rae1 axb4 22. cxb4 Kf7 23. Qh5+ Kg8 24. f5 e5 25. Ne6 exd4 26. Nxg7 Rxe1 27. Rxe1 Kxg7 28. Qg4+ Kf8 29. Qh5 Qd7 30. Qh4 Qf7 31. Re6 Kg7 32. Qg4+ Kh8 33. Qh4 Rf8 34. Qxd4 Ne5 35. Qxd5 Rg8 36. Qd6 Qg7 37. g4 h5 38. Rxf6 Nf7 39. Qe6 Rf8 40. Rg6 Qh7 41. Qf6+ Qg7 42. Qxg7# 1-0

[Event "Titled Tuesday intern op 07th Feb Early"]
[Site "Chess.com INT"]
[Date "2023.02.07"]
[Round "8"]
[White "Womacka, Mathias"]
[Black "Sant Anna, Eddie Luiz G"]
[Result "1/2-1/2"]
[WhiteElo "2409"]
[BlackElo "2003"]
[PlyCount "90"]
[EventDate "2023.02.07"]
[EventType "swiss (blitz)"]
[EventRounds "11"]
[EventCountry "USA"]
[SourceTitle "EXT 2024"]
[Source "ChessBase"]
[SourceDate "2023.10.10"]
[SourceVersion "1"]
[SourceVersionDate "2023.10.10"]
[SourceQuality "1"]

1. e4 e6 2. d4 d5 3. Nd2 Be7 4. Ngf3 Nf6 5. e5 Nfd7 6. Bd3 c5 7. c3 Nc6 8. 0-0 Qb6 9. dxc5 Nxc5 10. Bc2 0-0 11. Nb3 Nxb3 12. axb3 f6 13. Qd3 f5 14. b4 Bd7 15. Re1 Rac8 16. Bg5 Bxb4 17. Ba4 Bc5 18. Qd2 Qc7 19. Bxc6 Bxc6 20. Be3 Bxe3 21. Rxe3 a6 22. Nd4 f4 23. Rh3 Qxe5 24. Re1 Qf6 25. Nxe6 Bd7 26. Qxd5 Bxe6 27. Rxe6 Qf7 28. Rd3 Rcd8 29. Rd6 Qxd5 30. R3xd5 Rxd6 31. Rxd6 Re8 32. Kf1 Kf7 33. Rd7+ Re7 34. Rxe7+ Kxe7 35. Ke2 Ke6 36. Kf3 Kf5 37. g4+ fxg3 38. fxg3 b5 39. b4 g5 40. h3 h5 41. Ke3 Ke5 42. Kd3 Kd5 43. Ke3 Ke5 44. Kd3 Kd5 45. Ke3 Ke5 1/2-1/2

[Event "BRA-ch U2300 Amateurs"]
[Site "Sao Paulo"]
[Date "2022.06.17"]
[Round "3"]
[White "Sant Anna, Eddie Luiz G"]
[Black "Caetano, Ryan Wesley da Cost"]
[Result "0-1"]
[WhiteElo "2047"]
[BlackElo "2189"]
[PlyCount "74"]
[EventDate "2022.06.16"]
[EventType "swiss"]
[EventRounds "7"]
[EventCountry "BRA"]
[SourceTitle "CBM 208 Extra"]
[Source "ChessBase"]
[SourceDate "2022.07.31"]
[SourceVersion "1"]
[SourceVersionDate "2022.07.31"]
[SourceQuality "1"]

1. d4 Nf6 2. Nf3 g6 3. Nc3 d5 4. Bf4 Bg7 5. Nb5 Na6 6. e3 0-0 7. h3 Ne4 8. Be2 c6 9. Nc3 Qa5 10. 0-0 Nxc3 11. bxc3 Qxc3 12. Rb1 Qa5 13. c4 Nc7 14. Bxc7 Qxc7 15. cxd5 cxd5 16. Qb3 Qd6 17. Rfc1 b6 18. Qa4 Bd7 19. Qa6 Bf5 20. Rb3 Rfc8 21. Rbc3 Rxc3 22. Rxc3 Qb8 23. Bb5 Bc8 24. Qa4 Bb7 25. Ba6 Bf6 26. Qb5 Kg7 27. Ne1 Bxa6 28. Qxa6 e5 29. dxe5 Qxe5 30. Rd3 Qa1 31. Kf1 Bc3 32. Rxc3 Qxc3 33. Qb7 Qc8 34. Qxd5 Qd8 35. Qb7 Rc8 36. Qxa7 Rc1 37. Qa3 Qd2 0-1

[Event "Sao Paulo op-A 6th"]
[Site "Sao Paulo"]
[Date "2017.04.15"]
[Round "3"]
[White "Ichimura G Barbosa, Larissa Yuki"]
[Black "Sant Anna, Eddie Luiz G"]
[Result "1-0"]
[WhiteElo "1957"]
[BlackElo "2103"]
[PlyCount "67"]
[EventDate "2017.04.14"]
[EventType "swiss"]
[EventRounds "6"]
[EventCountry "BRA"]
[SourceTitle "CBM 178 Extra"]
[Source "ChessBase"]
[SourceDate "2017.06.22"]
[SourceVersion "1"]
[SourceVersionDate "2017.06.22"]
[SourceQuality "1"]

1. e4 e6 2. d3 d5 3. Nd2 Nf6 4. g3 b6 5. Bg2 Bb7 6. Qe2 c5 7. Ngf3 Be7 8. 0-0 Qc7 9. Re1 Nc6 10. c3 h6 11. a3 0-0-0 12. b4 c4 13. e5 cxd3 14. Qxd3 Nd7 15. Qe2 g5 16. Nb3 g4 17. Nfd4 Rdg8 18. Bf4 h5 19. Rac1 Bg5 20. c4 Ndxe5 21. Nxc6 Nf3+ 22. Bxf3 Bxf4 23. cxd5 Bxc1 24. Rxc1 gxf3 25. Qxf3 Qd6 26. Qxf7 Rf8 27. Nca5+ Bc6 28. Qb7+ Kd8 29. Nxc6+ Ke8 30. Re1 Rh7 31. Qxh7 Rxf2 32. Qg8+ Qf8 33. Rxe6+ Kd7 34. Qg7+ 1-0

[Event "Douglas PokerStars op"]
[Site "Douglas"]
[Date "2014.10.07"]
[Round "4"]
[White "Bartell, Thomas"]
[Black "Sant Anna, Eddie Luiz G"]
[Result "1-0"]
[WhiteElo "2358"]
[BlackElo "2119"]
[PlyCount "128"]
[EventDate "2014.10.04"]
[EventType "swiss"]
[EventRounds "9"]
[EventCountry "IOM"]
[SourceTitle "CBM 162 Extra"]
[Source "ChessBase"]
[SourceDate "2014.10.17"]
[SourceVersion "1"]
[SourceVersionDate "2014.10.17"]
[SourceQuality "1"]

1. e4 d5 2. exd5 Qxd5 3. Nf3 Bg4 4. Be2 Nf6 5. d4 e6 6. c4 Bb4+ 7. Nc3 Qa5 8. Bd2 c6 9. a3 Be7 10. Nd5 Qd8 11. Nxe7 Qxe7 12. 0-0 Ne4 13. Bb4 c5 14. dxc5 Nc6 15. Nd2 Bxe2 16. Qxe2 Nxc5 17. Qe3 b6 18. Bc3 0-0 19. b4 Na4 20. Bxg7 Kxg7 21. Qb3 Nc5 22. Qg3+ Kh8 23. Qc3+ Kg8 24. bxc5 Qxc5 25. Rfe1 Qd4 26. Qc2 Rad8 27. Ne4 Qg7 28. Kh1 Nd4 29. Qc3 f5 30. Ng3 e5 31. f3 Rf7 32. Rad1 Rc7 33. Nxf5 Qf6 34. Nxd4 Rxd4 35. Rxd4 exd4 36. Qd3 Re7 37. Rxe7 Qxe7 38. Qxd4 Qxa3 39. h4 Kf7 40. Qd5+ Kg7 41. Kh2 Qe7 42. Kh3 Qc7 43. h5 Qe7 44. Qd4+ Kf7 45. f4 Qc5 46. Qd7+ Kf6 47. Kg4 h6 48. Qh7 Qc8+ 49. Kg3 Qf8 50. Qxa7 Qg8+ 51. Kf3 Qxc4 52. Qxb6+ Ke7 53. Qe3+ Kf7 54. Qe4 Qf1+ 55. Kg3 Qd1 56. Qf5+ Ke7 57. Qg4 Qe1+ 58. Kh2 Kf7 59. Qg3 Qa5 60. Qg6+ Ke7 61. Qxh6 Qe1 62. Qg5+ Kf7 63. h6 Qe4 64. Qe5 Qh7 1-0